• 首页
  • 本馆介绍
  • 公告通知
  • 最新文献
  • 馆藏检索
  • 电子资源
  • 读者导购
  • 参考咨询
  • 我的图书馆
  • 登录
  • 详细信息显示
  • 放入我的书架
  • 预约/预借图书
  • 作者相关作品
  • 分类相关作品
  • 丛书相关作品
  • 出版社相关作品

书目信息

  • 表格格式
  • 工作单格式
  • 卡片格式
书名: Political issues in Britain today
作者: edited by Bill Jones.
分册号:
分册名:
出版地: Manchester ;
 
出版社: Manchester University Press
出版时间: c1989.
页数: vii, 337 p. :
开本: 21 cm.
丛书名:
中图分类号:
科图分类号:
其他分类号: D756.1
主题词:
电子资源:
000 01392cam a2200361 a 450
001 E0730471006
005 20070509082852.93
008 890616s1989 enka b 000 0 eng
010    @a89036263
020    @a0719030242 (pbk.).
020    @a0719030196 (hardback).
035    @A(DLC) 89036263
040    @aDLC@cDLC@dDLC
043    @ae-uk---
050 00 @aJN231@b.P65 1989
082 00 @a941.085/8@2 20
090    @aD756.1
099    @dD756.1@ex88=3
245 00 @aPolitical issues in Britain today / @cedited by Bill Jones.
250    @a3rd ed.
260    @aManchester ;@aNew York :@bManchester University Press ;@aNew York :@bDistributed exclusively in the U.S.A. and Canada by St. Martin’s Press,@cc1989.
300    @avii, 337 p. :@bill. ;@c21 cm.
490 1  @aPolitics today
500    @a"Revised and completely updated"--Cover.
504    @aIncludes bibliographical references.
651  0 @aGreat Britain@xPolitics and government@y1979-1997.
651  0 @aGreat Britain@xEconomic policy@y1979-1997.
651  0 @aGreat Britain@xSocial policy@y1979-
700 1  @aJones, Bill,@d1946-
830  0 @aPolitics today (Manchester, England)
906    @a7@bcbc@corignew@d1@eocip@f19@gy-gencatlg
955    @apc14 to br00 06-16-89; br11 to SCD 06-21-89; fe07 06-26-89; fr38 06-30-89; CIP ver. bc99 08-30-90
991    @bc-GenColl@hJN231@i.P65 1989@tCopy 1@wBOOKS
    
    Political issues in Britain today / / edited by Bill Jones.-3rd ed.-Manchester ; ; New York : : Manchester University Press ; ; New York : : Distributed exclusively in the U.S.A. and Canada by St. Martin’s Press, , c1989.
    vii, 337 p. : : ill. ; ; 21 cm.- (Politics today )
    "Revised and completely updated"--Cover.-Includes bibliographical references.
    
    ISBN 0719030242 (pbk.).
    
●
相关链接 在E读中查询图书 在五车中查询图书 在当当中查询图书 在豆瓣中查询图书


正题名:Political issues in Britain today     索取号:D756.1/x88=3         预约/预借

序号 登录号 条形码 馆藏地/架位号 状态 备注
1 7778   300077789   第二样本阅览室/ [索取号:D756.1/x88=3] 在馆    
唐山师范学院图书馆 欢迎您!
大连网信软件有限公司© 版权所有